Equilibrium Unemployment as a Worker Discipline Devic (Registro nro. 28158)

Detalles MARC
000 -LEADER
fixed length control field 00380 a2200121 4500
001 - CONTROL NUMBER
control field ART_46745
005 - DATE AND TIME OF LATEST TRANSACTION
control field 20260410161926.0
008 - FIXED-LENGTH DATA ELEMENTS--GENERAL INFORMATION
fixed length control field 260409a
100 1# - MAIN ENTRY--PERSONAL NAME
Personal name Shapiro, Carl
245 10 - TITLE STATEMENT
Title Equilibrium Unemployment as a Worker Discipline Devic
700 1# - ADDED ENTRY--PERSONAL NAME
Personal name Stiglitz, Joseph E.
773 0# - HOST ITEM ENTRY
Title The American Economic Review
Related parts - Vol. 74, Nº 3 (jun. 1984)
Record control number REV16190

No hay ítems disponibles.